<?xml version="1.0" encoding="UTF-8"?>
<marc:record xmlns:marc="http://www.loc.gov/MARC21/slim">
   <marc:leader>00000nam a2200000 a 4500</marc:leader>
   <marc:datafield ind1="1" ind2=" " tag="100">
      <marc:subfield code="a">Slater, Nigel</marc:subfield>
      <marc:subfield code="4">aut</marc:subfield>
      <marc:subfield code="e">Verfasser/-in</marc:subfield>
   </marc:datafield>
   <marc:datafield ind1=" " ind2=" " tag="653">
      <marc:subfield code="a">Kochbuch</marc:subfield>
   </marc:datafield>
   <marc:datafield ind1="0" ind2="0" tag="245">
      <marc:subfield code="a">Einfach gut essen</marc:subfield>
   </marc:datafield>
   <marc:datafield ind1=" " ind2="1" tag="264">
      <marc:subfield code="b">Dorling Kindersley</marc:subfield>
      <marc:subfield code="c">2005</marc:subfield>
   </marc:datafield>
   <marc:datafield ind1="1" ind2=" " tag="520">
      <marc:subfield code="a">Wenn Nigel Slater, der renommierteste unter Englands Food-Autoren, über Essen schreibt, läuft einem das Wasser im Munde zusammen. In seinem preisgekrönten Kochbuch-Bestseller finden sich 120 Rezepte für jeden Tag - köstlich, unkompliziert und mit der ganz besonderen Note. Vom ultimativen Kartoffelbrei-Rezept über Knoblauchhuhn, Pasteten mit Ziegenkäse bis zu hausgemachter Eiscreme mit frischen Beeren: hier werden beste Zutaten und wenig Aufwand kombiniert - absolut inspirierend. Jamie Oliver findet "Nigel ist ein Genie!". 
</marc:subfield>
   </marc:datafield>
   <marc:datafield ind1="3" ind2=" " tag="024">
      <marc:subfield code="a">3831007969</marc:subfield>
   </marc:datafield>
</marc:record>
